Podnikovohospodárska náuka obchodu

Guardado en:
Detalles Bibliográficos
Autor principal: Strážovská, Helena
Otros Autores: Pachingerová, Mária, Vernayová, Drahomíra, Strážovská, Ľubomíra, Pikler, Karol
Formato: Libro
Lenguaje:eslovaco
Publicado: Bratislava SPRINT vfra 2001
Colección:Nová ekonómia
Materias:
Etiquetas: Agregar Etiqueta
Sin Etiquetas, Sea el primero en etiquetar este registro!

MARC

LEADER 00000nam a2200000 4500
001 c124910
005 20221028081628.0
020 |a 80-88848-83-0 
041 0 |a slo 
044 |a SK 
245 1 0 |a Podnikovohospodárska náuka obchodu  |c Elena Strážovská a kolektív 
264 1 |a Bratislava  |b SPRINT vfra  |c 2001 
300 |a 357 s. 
490 1 |a Nová ekonómia 
830 0 |a Nová ekonómia 
610 2 0 |a obchod 
610 2 0 |a hospodárstvo podnikové 
610 2 0 |a podnik obchodný 
610 2 0 |a tovar 
610 2 0 |a nákup 
610 2 0 |a zásoby tovaru 
610 2 0 |a siete počítačové 
610 2 0 |a práca 
610 2 0 |a pracovníci 
610 2 0 |a produktivita práce 
610 2 0 |a odmeňovanie 
610 2 0 |a sústava mzdová 
610 2 0 |a základňa materiálno-výrobná 
610 2 0 |a náklady 
610 2 0 |a obrat obchodný 
610 2 0 |a financie 
610 2 0 |a súvaha 
610 2 0 |a výkazy finančné 
610 2 0 |a výkazy účtovné 
610 2 0 |a cash flow 
610 2 0 |a analýza finančná 
610 2 0 |a efektívnosť podnikania 
610 2 0 |a výkony podnikové 
610 2 0 |a výsledok hospodársky 
610 2 0 |a rentabilita podniku 
100 1 |a Strážovská, Helena 
700 1 |a Pachingerová, Mária 
700 1 |a Vernayová, Drahomíra 
700 1 |a Strážovská, Ľubomíra 
700 1 |a Pikler, Karol